000 00845cab a2200253 4500
001 ABS57672
008 090401t1997 xxu||||| |||| 00| 0 eng d
035 _a(Sirsi) u80718
041 _aeng
245 _aAlternative land use
260 _c1997
350 _a0
490 _aFarm Development Review
_v11(8) June 1997 (8) LOAN
520 _aArticles of interest to farmers wishing to diversify covering the wild boar initiative, the new food project, a new farm shop guide, environmentally friendly schemes, organic farming and the South West Woodlands Project. Contacts.
650 _aFARM DIVERSIFICATION
650 _aFARM SHOPS
650 _aNEW FOOD PROJECT
650 _aORGANIC FARMING
650 _aSOUTH WEST WOODLANDS PROJECT
650 _aWILD BOAR
690 _aRURAL PRACTICE
942 _n0
948 _c08/09/1997
999 _c50819
_d50819